000 00343nam a2200133 a 4500
005 20140414132100.0
008 100702s19uu xx 00 eng d
050 _aTR 741
_bJ75 2004
245 _aJolly dot to dot.
260 _aMalaysia :
_bLittle Sun Sdn. Bhd.
440 _aKindergarten series
650 _aActivity book
999 _c114447
_d114447